| 000 | 00000nam##2200000za#4500 |
| 001 | 9.643374 |
| 003 | CaOODSP |
| 005 | 20210624224135 |
| 007 | cr ||||||||||| |
| 008 | 150407|1979||||xxc|||||o f|0| 0 fre|d |
| 040 | |aCaOODSP|bfre |
| 043 | |an-cn--- |
| 086 | 1 |aA73-1669/1979F-PDF |
| 110 | 1 |aCanada.|bAgriculture Canada. |bInstitut de recherches sur les aliments. |
| 245 | 10|aProduits laitiers maison |h[ressource électronique] |
| 250 | |aÉdition 1979 |
| 260 | |aOttawa - Ontario : |bAgriculture Canada. |c1979. |
| 300 | |a16p.|bill., tableaux |
| 500 | |aPublication historique numérisée par Agriculture et Agroalimentaire Canada. |
| 590 | |a14-11-Supp|b2014-05-21 |
| 691 | 07|aAliment|2gcpds |
| 691 | 07|aArt culinaire|2gcpds |
| 691 | 07|aProduit laitier|2gcpds |
| 775 | 08|tHome-made dairy products |w(CaOODSP)9.699384 |
| 856 | 40|ahttp://publications.gc.ca|qPDF|s848 Ko|uhttps://publications.gc.ca/collections/collection_2014/aac-aafc/agrhist/A73-1669-1979-fra.pdf |
| 986 | |a1669 |